| 000 | 00310nam a2200109Ia 4500 | ||
|---|---|---|---|
| 008 | 230907s9999||||xx |||||||||||||| ||und|| | ||
| 082 |
_a532.053301 _bMAC |
||
| 100 |
_aMacCormack, R. W. _9115474 |
||
| 245 | 0 | _aNumerical computation of compressible and viscous flow / | |
| 300 | _axxii, 521 pages ; | ||
| 942 | _cBK | ||
| 999 |
_c598500 _d598500 |
||